Who's who in classical mythology

Saved in:
Bibliographic Details
Main Author: Grant, Michael 1914-
Other Authors: Hazel, John
Format: Book
Language:English
Published: London : Routledge, c1993
Subjects:
Tags: Add Tag
No Tags, Be the first to tag this record!

MARC

LEADER 00000nam a2200000 i 4500
001 1/86120
008 990712s1993 eng d
020 |a 0415119375 
035 |l 10052007 
040 |a GR-MY-UA  |b gre  |e aacr 
041 0 |a eng 
082 0 |a 292.1303 
100 1 |a Grant, Michael  |d 1914- 
245 1 0 |a Who's who in classical mythology /  |c Michael Grant and John Hazel 
260 |a London :   |b Routledge,   |c c1993 
300 |a 363 p. 
650 0 0 |a Mythology, Classical  |x Dictionaries. 
700 1 |a Hazel, John. 
852 |a INST  |b LESVOS  |e 19990712  |h 292.1303 GRA  |p 005100019845  |q 005100019845  |t REF  |y 23 
901 |a BIBL1-1999-2 
909 |a Λ  |b 062755 
922 |a 1ΕΛΗ  |b 199812  |c ΚΠΣ/ΚΥΒ  |d LEADER 
950 |a 023-1998-09-14 
970 |a ΤΖΑΦΕΡΗ  |b ΕΥΑΓΓΕΛΙΑ  |z 1999/07/22